Study on intergrated development programe by "world vison " organization in kandal steung disteict, kandal province ការសិក្សាស្ដីពីកម្មវិធីអភិវឌ្ឍន៏ចំរុះរបស់អង្គការ"ទស្សន:ពិភពលោក" នៅស្រុកកណ្ដាលស្ទឺងខេត្តកណ្ដាល (Record no. 468)
[ view plain ]
| 000 -LEADER | |
|---|---|
| fixed length control field | 00756nam a22001577a 4500 |
| 003 - CONTROL NUMBER IDENTIFIER | |
| control field | OSt |
| 005 - DATE AND TIME OF LATEST TRANSACTION | |
| control field | 20150915101322.0 |
| 008 - FIXED-LENGTH DATA ELEMENTS--GENERAL INFORMATION | |
| fixed length control field | 150915b xxu||||| |||| 00| 0 eng d |
| 040 ## - CATALOGING SOURCE | |
| Transcribing agency | RUA |
| 082 ## - DEWEY DECIMAL CLASSIFICATION NUMBER | |
| Classification number | AGR CHH 2000 B023 Or.1 |
| 100 ## - MAIN ENTRY--PERSONAL NAME | |
| 9 (RLIN) | 488 |
| Personal name | CHHENG, SOKUNTHY |
| 245 ## - TITLE STATEMENT | |
| Title | Study on intergrated development programe by "world vison " organization in kandal steung disteict, kandal province ការសិក្សាស្ដីពីកម្មវិធីអភិវឌ្ឍន៏ចំរុះរបស់អង្គការ"ទស្សន:ពិភពលោក" នៅស្រុកកណ្ដាលស្ទឺងខេត្តកណ្ដាល |
| 260 ## - PUBLICATION, DISTRIBUTION, ETC. (IMPRINT) | |
| Place of publication, distribution, etc. | Phnom Penh |
| Name of publisher, distributor, etc. | RUA |
| Date of publication, distribution, etc. | 2000 |
| 300 ## - PHYSICAL DESCRIPTION | |
| Extent | 85p. |
| Other physical details | ill. |
| Dimensions | 29cm. |
| 942 ## - ADDED ENTRY ELEMENTS (KOHA) | |
| Source of classification or shelving scheme | |
| Koha item type | AGR |
| Price effective from | Date last seen | Permanent Location | Not for loan | Date acquired | Date last checked out | Source of classification or shelving scheme | Total Checkouts | Koha item type | Barcode | Lost status | Damaged status | Withdrawn status | Current Location | Full call number |
|---|---|---|---|---|---|---|---|---|---|---|---|---|---|---|
| 2015-09-15 | 2015-09-15 | Library Block B | 2015-09-15 | AGR | RUA005253 | Library Block B | AGR CHH 2000 B023 Or.1 | |||||||
| 2015-09-15 | 2015-09-15 | Library Block B | 2015-09-15 | AGR | RUA004227 | Library Block B | AGR CHH 2000 B023 Or.2 | |||||||
| 2015-09-15 | 2023-10-18 | Library Block B | 2015-09-15 | 2023-10-02 | 1 | AGR | RUA004065 | Library Block B | AGR CHH 2000 B023 Or.3 | |||||
| 2015-09-15 | 2015-09-15 | Library Block B | 2015-09-15 | AGR | RUA004228 | Library Block B | AGR CHH 2000 B023 Or.4 | |||||||
| 2015-09-15 | 2015-09-15 | Library Block B | 2015-09-15 | AGR | rua004305 | Library Block B | AGR CHH 2000 B023 Or.5 | |||||||
| 2015-09-15 | 2015-09-15 | Library Block B | 2015-09-15 | AGR | rua004066 | Library Block B | AGR CHH 2000 B023 Or.6 | |||||||
| 2015-09-15 | 2015-09-15 | Library Block B | 2015-09-15 | AGR | rua005273 | Library Block B | AGR CHH 2000 B023 Or.7 | |||||||
| 2015-09-15 | 2015-09-15 | Library Block B | 2015-09-15 | AGR | rua004224 | Library Block B | AGR CHH 2000 B023 Or.8 | |||||||
| 2015-09-15 | 2015-09-15 | Library Block B | 2015-09-15 | AGR | rua004302 | Library Block B | AGR CHH 2000 B023 Or.9 |